000 00887nam0a22002411 4500
001 rc\792721
005 20040301143632.1
035 _a(NLR Aleph) 006317846
090 _a7420336
_c7420336
100 _a20040301d1983 u |0rusy50 ca
101 0 _arus
102 _aRU
105 _aa |||||||||
200 1 _aЮжные растения в Латвии
_e(Итог двадцатипятилет. работы по интродукции и акклиматизации плодово-ягод., злаковых и ценных лекарств. растений)
210 _aРига
_cАвотс
_d1983
215 _a123 с., 12 л. ил.
_cил.
_d20
320 _aБиблиогр.: с. 120-122
700 1 _aЕвдаев
_bБ. Х.
_gБорис Ханонович
801 0 _aRU
_bNLR
_gpsbo
801 1 _aRU
_bELAR
_2rusmarc
852 _aNLR
_j84-3/5056
942 _cBOOK
980 _aNB